000
00299nam a22001337a 4500
082
_a
001.2 RAS
100
_a
Rasheed Chudari
245
_a
Waqiat-e-aalam
260
_a
Lahore
_b
Book Foraut
_c
2013
300
_a
240
_b
H.B
650
_a
Waqiat-e-aalam
700
_a
Rasheed Chudari
942
_c
BK
999
_c
490621
_d
490621